| 000 | 01601 a2200265 4500 | ||
|---|---|---|---|
| 003 | Nust | ||
| 005 | 20220816172436.0 | ||
| 010 | _a 2011294204 | ||
| 020 | _a9781420088144 (hbk. : acid-free paper) | ||
| 035 | _a(OCoLC)ocn664324892 | ||
| 040 | _cNust | ||
| 082 | 0 | 4 | _a621.3821,AHS |
| 245 | 0 | 0 |
_aNear field communications handbook / _cedited by Syed A. Ahson and Mohammad Ilyas. |
| 260 |
_aBoca Raton : _bCRC Press, _cc2012. |
||
| 300 |
_axiii, 364 p. : _bill. ; _c25 cm. |
||
| 490 | 1 |
_aInternet and communications ; _vv. 13 |
|
| 505 | _aSecure Mobile Identity Concepts and Protocols (Page-1), Security in NFC (Page-25), NFC Application with and ALL -IN –ONE Devices (Page-57), NFC Application Design Guidelines (Page-91), Software Support for the user Centered Prototyping of Mobile Application that apply Near Field Communication (Page-119), University of Things To words the Pervasive University (Page-153), NFC Based Physical User Interfaces for Interactive Space (Page-175), Privacy Preserving Receipt Management with NFC Phones (Page-231), Performance of and NF Based Mobile (Page-259), Using RFID NFC for Pervasive Serious Games (Page-279), Empirically Grounded Design of a Nutrition Traking Systems for Patients with Eating Disorders (Page-305), The Stol Plan Project (Page-325). | ||
| 650 | 0 |
_aMobile communication systems _918556 |
|
| 650 | 0 | _aTelecommunication engineering | |
| 650 | 0 |
_aWireless communication systems _9594 |
|
| 700 | 1 |
_aAhson, Syed. _994466 |
|
| 700 | 1 |
_aIlyas, Mohammad, _d1953- _994250 |
|
| 830 | 0 |
_aInternet and communications ; _994465 |
|
| 942 |
_cREF _2ddc |
||
| 999 |
_c189424 _d189424 |
||